Hệ thống điều khiển và giám sát động cơ xe hơi đời mới Trần Thế San, Trần Duy Nam
Kaydedildi:
| Yazar: | |
|---|---|
| Materyal Türü: | Sách |
| Dil: | Undetermined |
| Baskı/Yayın Bilgisi: |
Khoa học và Kỹ thuật
2009
|
| Konular: | |
| Etiketler: |
Etiketle
Etiket eklenmemiş, İlk siz ekleyin!
|
| Thư viện lưu trữ: | Trung tâm Thư viện - Trường Đại học Công nghiệp TP. Hồ Chí Minh |
|---|
| LEADER | 00608nam a2200157Ia 4500 | ||
|---|---|---|---|
| 001 | UIH_04762 | ||
| 008 | 231011s9999 xx 000 0 und d | ||
| 082 | |a 629.25 | ||
| 100 | |a Trần Thế San | ||
| 245 | 0 | |a Hệ thống điều khiển và giám sát động cơ xe hơi đời mới Trần Thế San, Trần Duy Nam | |
| 245 | 0 | |c Trần Thế San | |
| 260 | |b Khoa học và Kỹ thuật | ||
| 260 | |c 2009 | ||
| 650 | |a Động cơ ô tô; | ||
| 927 | |a Sách | ||
| 980 | |a Trung tâm Thư viện - Trường Đại học Công nghiệp TP. Hồ Chí Minh | ||